MARC

LEADER 00000nam0a2200000 4500
001 378638
005 20231102013024.0
035 |a (RuTPU)RU\TPU\retro\36095 
035 |a RU\TPU\book\328856 
090 |a 378638 
100 |a 20230607d1970 m y0rusy50 ca 
101 0 |a rus 
102 |a RU 
105 |a a j 001zy 
200 1 |a Пособие лаборанту по электроизоляционным материалам  |e учебное пособие для среднего профессионального образования  |f Я. П. Свердлов 
210 |a Ленинград  |c Судостроение  |d 1970 
215 |a 256 с.  |c ил. 
320 |a Библиогр.: с. 253. 
606 1 |a Электроизоляционные материалы  |x Производство  |2 stltpush  |3 (RuTPU)RU\TPU\subj\20053  |9 45197 
610 1 |a лаборанты 
610 1 |a лаборатории 
610 1 |a рабочие места 
610 1 |a техника безопасности 
610 1 |a физика диэлектриков 
610 1 |a кабели 
610 1 |a провода 
610 1 |a жидкие диэлектрики 
610 1 |a слоистые диэлектрики 
610 1 |a электроизоляционные лаки 
610 1 |a электроизоляционные покрытия 
610 1 |a электроизоляционные компаунды 
610 1 |a электроизоляционные герметики 
610 1 |a изготовление 
610 1 |a применение 
610 1 |a контрольно-измерительная аппаратура 
610 1 |a учебные пособия 
610 1 |a лабораторные работы 
675 |a 621.315.61(076.32)  |v 3 
700 1 |a Свердлов  |b Я. П.  |g Яков Петрович 
801 1 |a RU  |b 63413507  |c 20150903 
801 2 |a RU  |b 63413507  |c 20230607  |g RCR 
942 |c BK